00657nam a22001097a 4500040000800000082002700008100004500035245032800080260002600408300002600434856008700460 cRUA aAGR IEN 2014 B431 Or.1 aIENG, RATHANA, អៀង​ រតនា aEffect of different fertilizer rates on growth and yield of chulsa and senpidor rice variety, ឥទ្ធិពលនៃកម្រិតជីគីមីខុសគ្នាទៅលើការលូតលាស់និងទិន្នផលពូជស្រូវជលសារ និងសែនពិដោរ aPhnom PenhbRUAc2014 aix; 39p.bill.c29cm. uhttps://drive.google.com/file/d/1PhoYKGEfXJ4QuZNIkfvCQxfxbbD4S8YB/view?usp=sharing